000
00412nam a22001697a 4500
003
MPLRDC
005
20220104144402.0
008
210129b ||||| |||| 00| 0 eng d
082
_a
953.1 XWY
100
_a
熊文遇著述
245
_a
摄影一百讲
_c
260
_a
_b
汇通书店
_c
300
_b
平
490
_a
国际摄影学院教材及电台摄影讲词
650
_a
942
_c
BK
_o
953.1 XWY
999
_c
49107
_d
49097